| 000 | 01196cam a2200385 i 4500 | ||
|---|---|---|---|
| 999 |
_c200451332 _d69544 |
||
| 001 | 200451332 | ||
| 003 | TR-AnTOB | ||
| 005 | 20230116100958.0 | ||
| 007 | ta | ||
| 008 | 951020s1995 sz i000 0 eng d | ||
| 010 | _a 99489820 | ||
| 020 | _a9291370207 | ||
| 035 | _a(OCoLC)ocm33337200 | ||
| 035 | _a(TR-AnTOB)200451332 | ||
| 040 |
_aDJB _beng _erda _cDJB _dDLC _dTR-AnTOB |
||
| 041 | 0 | _aeng | |
| 043 |
_ae-pl--- _ad------ |
||
| 050 | 0 | 4 |
_aHF3638.D44 _bP65 1995 |
| 088 | _aITC/216/2D/95-III | ||
| 090 |
_aHF3638.D44 _bP65 1995 |
||
| 245 | 0 | 0 |
_aPoland : _ba partner for developing countries. |
| 264 | 1 |
_aGeneva : _bInternational Trade Centre UNCTAD/GATT, _c1995. |
|
| 300 |
_a147 pages ; _c21 cm |
||
| 336 |
_atext _btxt _2rdacontent |
||
| 337 |
_aunmediated _bn _2rdamedia |
||
| 338 |
_avolume _bnc _2rdacarrier |
||
| 490 | 0 | _aMarket development | |
| 651 | 0 |
_aPoland _xCommerce _zDeveloping countries _9140143 |
|
| 651 | 0 |
_aDeveloping countries _xCommerce _zPoland _932617 |
|
| 651 | 0 |
_aPoland _xForeign economic relations _9140144 |
|
| 710 | 2 |
_aInternational Trade Centre UNCTAD/GATT _941419 |
|
| 942 |
_2lcc _cBK |
||